000 00309nam a2200109Ia 4500
008 200302s9999 xx 000 0 und d
100 _aRodelphe El- Khoury & Mark Pasnik
245 _aCnp Headquarters by Philippe Samyn and Partners
260 _bPrinceton Architecture Press, NY
260 _c2004
300 _a96
999 _c4614
_d4614